00000000ngs 2200000zi 4500
0019.943064
003CaOODSP
00520250129073839
006m     o  c f      
007cr cn ||||||||
008240910c20239999qucnnnp      fo   vlsgn d
040 |aCaOODSP|bfre|erda|cCaOODSP
041 7|afcs|2iso639-3
043 |an-cn---
0861 |aEm9-14F-MP4
1101 |aCanada. |bEmploi et développement social Canada, |eauteur, |eorganisme de publication.
24510|aRapport d'étape sur le plan d'accessibilité triennal d'Emploi et développement social Canada : |bsommaire.
264 1|a[Gatineau, QC] : |b[Emploi et développement social Canada], |c[2024]-
300 |aressource en ligne (fichiers vidéo)
310 |aAnnuel
336 |aimage animée bidimensionnelle|btdi|2rdacontent/fre
337 |ainformatique|bc|2rdamedia/fre
338 |aressource en ligne|bcr|2rdacarrier/fre
347 |afichier vidéo|2rdaft
347 |bMP4
3621 |aParaît depuis : 2023.
500 |aPublié aussi en anglais sous le titre : Progress report on the Employment and Social Development Canada 3-year accessibility plan.
500 |aDisponible par diffusion vidéo en continu ou en fichiers MP4 téléchargeables.
500 |aTranscription de l'vidéo en format HTML est fourni par l'éditeur.
500 |aComprend sommaire.
546 |aEn langue des signes québécoise (LSQ).
588 |aDescription d'après : 2023.
588 |aDernière livraison consultée : 2023.
61016|aCanada. |bEmploi et développement social Canada|vPériodiques.
650 6|aAccessibilité aux personnes handicapées|zCanada|xPlanification|vPériodiques.
650 6|aPersonnes handicapées|xPolitique gouvernementale|zCanada|vPériodiques.
655 7|aMatériel d'éducation et de formation|2rvmgf
655 7|aVidéos sur Internet|2rvmgf
77508|tProgress report on the Employment and Social Development Canada 3-year accessibility plan : |w(CaOODSP)9.943065